| 000 | 00000nam##2200000za#4500 |
| 001 | 9.697149 |
| 003 | CaOODSP |
| 005 | 20210624235343 |
| 007 | cr ||||||||||| |
| 008 | 150407|2005||||xxc|||||o f|0| 0 eng|d |
| 040 | |aCaOODSP|beng |
| 043 | |an-cn--- |
| 086 | 1 |aT52-4/85-2005E-PDF |
| 110 | 1 |aCanada. |bTransport Canada. |
| 245 | 10|aEnhanced zonal analysis procedures |h[electronic resource] |
| 246 | 1 |aProgram to enhance aircraft electrical wiring interconnection system maintenance |
| 260 | |aOttawa - Ontario : |bTransport Canada |c30 Septembre 2005. |
| 300 | |a58p.|bfigs., tables |
| 590 | |a13-02-Supp|b2013-01-11 |
| 690 | 07|aAirports|2gcpds |
| 775 | 08|tProcédures améliorées d'analyse de zones |w(CaOODSP)9.641217 |
| 856 | 40|ahttp://publications.gc.ca|qPDF|s469 KB|uhttps://publications.gc.ca/collections/collection_2013/tc/T52-4-85-2005-eng.pdf |
| 986 | |aTP 14331E (09/2005) |